000 00605nam a2200229Ia 4500
003 OSt
005 20220928110803.0
006 a|||||r|||| 00| 0
007 ta
008 220927b |||||||| |||| 00| 0 eng d
024 _a61973
037 _cTextual
040 _aSDCL
_cSDCL
_beng
041 _2eng
_aeng
082 _aR65,6, L6.2
100 _aShastri Madhusudan
_9402522
245 0 _aShrimadbagvadgeetashu.
260 _avaranasi
_bAronodaya Publication.
_c1976
300 _a530p.
_ccm.
942 _hR65,6, L6.2
_cTEXL
_2CC
999 _c736913
_d736913